Femmes et conquêtes de Zeus - Statistiques

Statistiques générales
  • Ce quiz a été pris 127 fois
    111 depuis la dernière actualisation
  • Le résultat moyen est 7 sur 38
Statistiques - réponses
Hint Réponse % Correct
1. Héra
97%
3. Léto
69%
11. Europe
61%
2. Métis
49%
6. Déméter
48%
12. Danaé
39%
9. Léda
39%
8. Sémélé
39%
5. Maïa
36%
17. Io
35%
4. Thémis
30%
7. Alcmène
29%
15. Perséphone
23%
13. Callisto
20%
14. Mnémosyne
20%
16. Séléné
17%
18. Ganymède
16%
19. Égine
10%
22. Électre
10%
10. Dioné
8%
20. Eurynomé
6%
34. Pandore
6%
37. Thyia
5%
25. Dia
4%
21. Ploûto
4%
31. Lamia
3%
23. Némésis
3%
30. Niobé
2%
35. Protogénie
2%
28. Antiope
1%
26. Calycé
1%
27. Carmé
1%
33. Euryméduse
1%
38. Méra
1%
24. Taygète
1%
36. Borysthénis
0%
32. Dino
0%
29. Élara
0%
Aucun quiz correspondant
Distribution des résultats
% des personnes avec chaque résultat
Percentile par nombre de réponses
Votre historique - résultats
Vous n’avez pas pris ce quiz depuis la dernière actualisation